| 000 | 00642nam a22002057a 4500 | ||
|---|---|---|---|
| 005 | 20160119140442.0 | ||
| 010 | _aENG-114485 | ||
| 020 |
_a9788120351455 _c395.00 |
||
| 035 | _aEN-98017 | ||
| 037 | _bDBAD/PUB | ||
| 082 | _a005.74 | ||
| 100 | _aBernard, Margaret | ||
| 245 |
_aDatabase systems with case studies / _cby Margaret Bernard [and] Eshwar Bachu |
||
| 260 |
_aDelhi _bPHI Learning _c2016 |
||
| 270 |
_aRimjhim House, 111, Patparganj Industrial Estate _bDelhi _e110092 |
||
| 300 |
_aviii,212p. : _c23cm(pbk) _bill. |
||
| 500 | _aIncludes index | ||
| 700 | _aBachu, Eshwar | ||
| 942 |
_2ddc _cEN _mBER _h005.74 |
||
| 999 |
_c98279 _d98279 |
||